Statistics for The New Mario Movie Trailer Script

Click here to take the quiz!

General Stats

  • This quiz has been taken 342 times
  • The average score is 43 of 59

Answer Stats

Answer% Correct
I
91%
I
91%
a
88%
Mario!
86%
do
85%
Do
85%
Do
85%
you
84%
king
83%
the
83%
the
83%
the
83%
is
81%
is
81%
mushroom,
80%
Mushroom
80%
not
80%
not.
80%
we
79%
of
78%
of
78%
yield?
78%
come!
76%
Come
76%
That
76%
That
76%
that
76%
here
75%
Kingdom,
75%
on,
75%
this
74%
What
74%
me?
73%
place?
73%
Koopas!
72%
touch
72%
stop
71%
Behold,
70%
it.
70%
Now
67%
our
67%
taste
67%
gonna
66%
Open
66%
who's
66%
die!
64%
finally
64%
fury.
64%
gates!
64%
but
62%
fine.
62%
found
62%
you'll
61%
Attack!
60%
Oh,
60%
perfectly
58%
one's
54%
sorry.
54%
I'm
52%

Score Distribution

Percentile by Number Answered

Percent of People with Each Score

Your Score History

You have not taken this quiz